[Event "Sant Boi op 29th"]
[Site "Sant Boi de Llobregat"]
[Date "2017.05.19"]
[Round "5"]
[White "Castells Pagan, Raul"]
[Black "Munoz de la Orden, David"]
[Result "0-1"]
[WhiteElo "1826"]
[BlackElo "1956"]
[PlyCount "136"]
[EventDate "2017.04.21"]
[EventType "swiss"]
[EventRounds "9"]
[EventCountry "ESP"]
[SourceTitle "CBM 187 Extra"]
[Source "ChessBase"]
[SourceDate "2018.11.04"]
[SourceVersion "1"]
[SourceVersionDate "2018.11.04"]
[SourceQuality "1"]

1. d4 Nf6 2. c4 d6 3. Nf3 Bg4 4. Nfd2 e5 5. f3 Bd7 6. d5 Nh5 7. Ne4 f5 8. Nf2 Be7 9. e3 f4 10. Bd3 Bh4 11. Qc2 Bxf2+ 12. Qxf2 0-0 13. Nc3 Na6 14. Ne4 Nb4 15. Bb1 a5 16. a3 Na6 17. g4 fxe3 18. Qxe3 Nf4 19. 0-0 Qe7 20. Bd3 a4 21. Bd2 b6 22. Kh1 Be8 23. Bc2 Nc5 24. Nxc5 bxc5 25. Bc3 Qf6 26. b3 axb3 27. Bxb3 Ba4 28. Bxa4 Rxa4 29. Qe4 Qh4 30. Be1 Qe7 31. Bd2 Qd8 32. Qc2 Qa8 33. Qc3 Qa6 34. Bxf4 Rxf4 35. Qb3 Qa8 36. Rfc1 Ra6 37. Kg2 Rb6 38. Qc2 Ra6 39. Qb3 Rd4 40. Qb5 Qc8 41. Rcb1 Rb6 42. Qa4 e4 43. Rxb6 cxb6 44. Qc6 exf3+ 45. Kf2 Qd8 46. Kf1 h6 47. Re1 Kh7 48. Re8 Qh4 49. Rh8+ Kg6 50. Qxd6+ Qf6 51. Qxf6+ Kxf6 52. Rb8 Rxc4 53. Rxb6+ Ke5 54. d6 Rd4 55. Kf2 Kf4 56. Rb3 Rd2+ 57. Kg1 Rxd6 58. Rc3 Kxg4 59. Rxc5 Rd4 60. Rc7 g5 61. Rb7 Rd1+ 62. Kf2 Rd2+ 63. Kg1 Ra2 64. Rb4+ Kf5 65. h3 h5 66. a4 g4 67. h4 g3 68. Rb5+ Kg4 0-1

[Event "Sant Boi op 29th"]
[Site "Sant Boi de Llobregat"]
[Date "2017.04.21"]
[Round "1"]
[White "Alquezar Mancho, Renato"]
[Black "Munoz de la Orden, David"]
[Result "0-1"]
[WhiteElo "1808"]
[BlackElo "1956"]
[PlyCount "176"]
[EventDate "2017.04.21"]
[EventType "swiss"]
[EventRounds "9"]
[EventCountry "ESP"]
[SourceTitle "CBM 187 Extra"]
[Source "ChessBase"]
[SourceDate "2018.11.04"]
[SourceVersion "1"]
[SourceVersionDate "2018.11.04"]
[SourceQuality "1"]

1. d4 Nf6 2. c4 d6 3. Nc3 e5 4. dxe5 dxe5 5. Qxd8+ Kxd8 6. Bg5 Be6 7. 0-0-0+ Nbd7 8. e4 Be7 9. h3 Re8 10. Nf3 Kc8 11. Be3 Bb4 12. Ng5 Bxc3 13. bxc3 c5 14. Bd3 b6 15. Nxe6 Rxe6 16. f3 Kc7 17. Rd2 Rd8 18. Bc2 Nb8 19. Rxd8 Kxd8 20. Rd1+ Kc7 21. Ba4 Nc6 22. Bxc6 Kxc6 23. Kc2 Rd6 24. Rb1 Ne8 25. Re1 Rd7 26. Re2 Nd6 27. Kb3 Nb7 28. Kc2 Na5 29. Bc1 Nxc4 30. Rf2 Nd6 31. Rd2 Ne8 32. Rf2 Nc7 33. Re2 Ne6 34. Rf2 b5 35. g3 a5 36. Bb2 c4 37. Bc1 Rd3 38. h4 g6 39. Bh6 Kd7 40. Rd2 Rxd2+ 41. Kxd2 Nc5 42. Be3 Kc6 43. a3 f5 44. exf5 gxf5 45. Ke2 Ne6 46. Kd2 Kd5 47. Bb6 a4 48. Bf2 Ng7 49. Ke3 Nh5 50. Kd2 Nf6 51. Ke2 Ke6 52. Be1 Kf7 53. Bd2 Kg6 54. Be1 Nd5 55. Bd2 h5 56. Be1 Kf6 57. Bd2 Ke6 58. Be1 Nf6 59. Bd2 Kd5 60. Be1 f4 61. gxf4 exf4 62. Bd2 Ke5 63. Be1 Nd5 64. Bd2 Ne7 65. Be1 Nf5 66. Bf2 Kd5 67. Kd2 Nd6 68. Ke2 Nf7 69. Be1 Ne5 70. Bd2 Nd3 71. Kf1 Ke5 72. Ke2 Nc5 73. Be1 Nb7 74. Bf2 Nd6 75. Be1 Kf5 76. Bf2 Ke5 77. Bd4+ Kd5 78. Bf2 b4 79. cxb4 Nb5 80. Kd2 Nxa3 81. Bb6 Nb5 82. Kc1 a3 83. Kb1 c3 84. Bd8 Nd4 85. Bf6 Ne2 86. Bg7 Kc4 87. Bf8 a2+ 88. Kxa2 c2 0-1

[Event "Sant Boi Chalmeta Memorial op 28th"]
[Site "Sant Boi de Llobregat"]
[Date "2016.06.10"]
[Round "8"]
[White "Prats Rodriguez, Juan Bosco"]
[Black "Munoz de la Orden, David"]
[Result "1-0"]
[WhiteElo "1956"]
[BlackElo "2008"]
[PlyCount "79"]
[EventDate "2016.04.22"]
[EventType "swiss"]
[EventRounds "9"]
[EventCountry "ESP"]
[SourceTitle "EXT 2017"]
[Source "ChessBase"]
[SourceDate "2016.10.25"]
[SourceVersion "1"]
[SourceVersionDate "2016.10.25"]
[SourceQuality "1"]

1. e4 e5 2. f4 exf4 3. Nf3 d5 4. exd5 Nf6 5. Bb5+ c6 6. dxc6 bxc6 7. Bc4 Bd6 8. 0-0 0-0 9. d4 Qc7 10. Qd3 c5 11. Nc3 a6 12. Nd5 Nxd5 13. Bxd5 Ra7 14. Ng5 g6 15. Kh1 cxd4 16. Qxd4 Be5 17. Qf2 h6 18. Nf3 Bg7 19. Bxf4 Qxf4 20. Qxa7 Bf5 21. c3 Bd3 22. Rfe1 Rd8 23. Qb7 Bc4 24. Rad1 Rf8 25. Rd4 Bxd5 26. Qxd5 Qc7 27. Rde4 Bf6 28. Re8 Nd7 29. Rxf8+ Nxf8 30. Ne5 Kg7 31. Ng4 Nd7 32. Rf1 Nb6 33. Nxf6 Nxd5 34. Ne8+ Kf8 35. Nxc7 Nxc7 36. Re1 Nd5 37. g3 Kg7 38. Re5 Nc7 39. Kg2 Kf6 40. Rc5 1-0

[Event "Barcelona Tres Peons op 13th"]
[Site "Barcelona"]
[Date "2011.02.04"]
[Round "5"]
[White "Munoz de la Orden, David"]
[Black "Gonzalez Verges, Alex"]
[Result "0-1"]
[WhiteElo "1993"]
[BlackElo "2166"]
[PlyCount "96"]
[EventDate "2011.01.07"]
[EventType "swiss"]
[EventRounds "9"]
[EventCountry "ESP"]
[SourceTitle "EXT 2012"]
[Source "ChessBase"]
[SourceDate "2011.11.24"]
[SourceVersion "1"]
[SourceVersionDate "2011.11.24"]
[SourceQuality "1"]

1. e4 c5 2. Nf3 d6 3. d3 Nf6 4. g3 e6 5. Bg2 Nc6 6. 0-0 Be7 7. Nbd2 0-0 8. c3 e5 9. a3 a5 10. a4 Ne8 11. Re1 Be6 12. Nc4 Rb8 13. h3 b5 14. axb5 Rxb5 15. Ne3 Qd7 16. Kh2 Nc7 17. Nd5 Rfb8 18. Nd2 Bg5 19. f4 exf4 20. gxf4 Bxd5 21. exd5 Bxf4+ 22. Kh1 Ne5 23. Qc2 Bxd2 24. Qxd2 Qf5 25. c4 Rb4 26. Re3 a4 27. Be4 Qf1+ 28. Kh2 Qf4+ 29. Kh1 Qf1+ 30. Kh2 Qf4+ 31. Kh1 Ne8 32. Qg2 Qh4 33. Rg3 h6 34. Kh2 Kh8 35. Ra2 g6 36. Re3 f5 37. Bf3 Qf4+ 38. Kg1 Nf6 39. Bd1 a3 40. bxa3 Rb1 41. Qd2 Qg5+ 42. Kh1 f4 43. Re2 f3 44. Qxg5 hxg5 45. Rec2 Nxd3 46. Bxf3 Nxc1 47. Rxc1 Rxc1+ 48. Kg2 Rbb1 0-1

[Event "Barcelona Tres Peons op 13th"]
[Site "Barcelona"]
[Date "2011.01.21"]
[Round "3"]
[White "Munoz de la Orden, David"]
[Black "Exposito Amaro, Josue"]
[Result "0-1"]
[WhiteElo "1993"]
[BlackElo "2260"]
[PlyCount "54"]
[EventDate "2011.01.07"]
[EventType "swiss"]
[EventRounds "9"]
[EventCountry "ESP"]
[SourceTitle "EXT 2012"]
[Source "ChessBase"]
[SourceDate "2011.11.24"]
[SourceVersion "1"]
[SourceVersionDate "2011.11.24"]
[SourceQuality "1"]

1. Nf3 Nf6 2. g3 g6 3. Bg2 Bg7 4. 0-0 d5 5. d3 0-0 6. Nbd2 c5 7. e4 dxe4 8. dxe4 Nc6 9. h3 Qc7 10. c3 b6 11. Qe2 e5 12. a4 Bb7 13. Nb3 Nxe4 14. a5 Rae8 15. axb6 axb6 16. Qxe4 Nd4 17. Qe3 Nxb3 18. Ra7 Na5 19. b4 Qb8 20. bxa5 Qxa7 21. axb6 Qxb6 22. Ba3 Rc8 23. c4 Rfd8 24. Re1 e4 25. Nh4 Rd3 26. Qc1 Qa5 27. Qb1 Rxa3 0-1

[Event "Sant Boi op-A"]
[Site "Sant Boi de Llobregat"]
[Date "2000.05.26"]
[Round "3"]
[White "Navarro Perez, Manuel"]
[Black "Munoz de la Orden, David"]
[Result "1-0"]
[WhiteElo "2118"]
[BlackElo "2085"]
[PlyCount "65"]
[EventDate "2000.05.12"]
[EventType "swiss"]
[EventRounds "7"]
[EventCountry "ESP"]
[SourceTitle "EXT 2003"]
[Source "ChessBase"]
[SourceDate "2002.11.25"]
[SourceVersion "1"]
[SourceVersionDate "2002.11.25"]
[SourceQuality "1"]

1. e4 e5 2. Bc4 Nf6 3. d3 Bc5 4. Nf3 d6 5. Nbd2 0-0 6. Nf1 Nc6 7. Ne3 a6 8. a4 Bd7 9. c3 Ba7 10. Nd5 Nxd5 11. Bxd5 Kh8 12. Ng5 Qf6 13. 0-0 h6 14. Qh5 Kg8 15. b4 hxg5 16. Bxg5 g6 17. Qh4 Qh8 18. Qg3 Qh5 19. b5 axb5 20. axb5 Nd8 21. Bxd8 Rfxd8 22. Bxb7 Bxb5 23. Rfb1 Qe2 24. c4 Bd7 25. h3 Qc2 26. Bxa8 Rxa8 27. Kh2 Bxf2 28. Rxa8+ Kg7 29. Qf3 Qxb1 30. Qxf2 Qxd3 31. Qh4 f5 32. Qh8+ Kf7 33. Rf8+ 1-0

[Event "Terrassa op"]
[Site "Terrassa"]
[Date "1996.??.??"]
[Round "9"]
[White "Munoz de la Orden, David"]
[Black "Losada Ferriz, Juan Manel"]
[Result "1-0"]
[WhiteElo "2050"]
[BlackElo "2135"]
[PlyCount "79"]
[EventDate "1996.07.??"]
[EventType "swiss"]
[EventRounds "9"]
[EventCountry "ESP"]
[SourceTitle "EXT 2002"]
[Source "ChessBase"]
[SourceDate "2001.11.25"]
[SourceVersion "1"]
[SourceVersionDate "2001.11.25"]
[SourceQuality "1"]

1. Nc3 c5 2. Nf3 Nc6 3. d4 cxd4 4. Nxd4 Nf6 5. g3 a6 6. Bg2 e6 7. 0-0 Be7 8. e4 Qc7 9. a4 0-0 10. Be3 Na5 11. Qd3 Nc4 12. Bc1 Ne5 13. Qe2 d6 14. Kh1 Bd7 15. f4 Nc6 16. Nf3 Qa5 17. e5 dxe5 18. fxe5 Ng4 19. Re1 f6 20. exf6 Qh5 21. fxe7 Rxf3 22. Bxf3 Nd4 23. Bxg4 Bc6+ 24. Kg1 Nxe2+ 25. Bxe2 Qc5+ 26. Kf1 Qxe7 27. Be3 Rf8+ 28. Kg1 b6 29. Rf1 Rd8 30. Rf2 Ba8 31. Raf1 b5 32. axb5 axb5 33. Bf3 Bxf3 34. Rxf3 b4 35. Ne2 Rc8 36. Nd4 e5 37. Nf5 Qd7 38. R1f2 Qd1+ 39. Kg2 Rxc2 40. Ne7+ 1-0